000 00907nam a2200301Ia 4500
001 3380
003 IT-RoPAU
008 130308s9999 xx 000 0 und d
040 _aIT-RoPAU
040 _cIT-RoPAU
041 _aLATINO
100 _aAA.VV.
100 _gCodice Aut. SPICS: 12000
245 _aConstitutiones Piae Societatis a Sancto Paulo apostolo-Mutationes et additiones
245 _bConstitutiones Piae Societatis a Sancto Paulo Apostolo-Mutationes et Additiones
250 _a1a ed.
260 _aROMA
260 _bEdizioni Paoline
260 _c1941 [1° Ed.:1941 - Ed.Ling.Originale:1941]
300 _a"174 p. (prefazione: no ; testo: 174)"
500 _aCostituzioni della Società San Paolo mutazioni e Aggiunte
650 _aAUTORI/OPERE FAMIGLIA PAOLINA
650 _eCodice materia Spics: 9903
942 _cBK
957 _71
999 _c76276
_d76276
999 _bSI
999 _g1